000 00967nmm a2200289 a 4500
001 ocm0001299417
003 TR-IsHL
005 20201028161942.0
008 160715s2011 tu tur
007 cr cn
020 _a9786055541347
035 _a1299417
_b(N$T)
050 0 4 _aHX73
_b.L41 2011
090 0 4 _aHX73
_b.L41 2011
100 1 _aLebowitz, Michael A.
245 1 0 _aSosyalist alternatif: Gerçek insani gelişim
_h[electronic resource] /
_cMichael A. Lebowitz ; çeviri Etkin Bilen Eratalay
260 _aİstanbul :
_bYordam Kitap,
_c2011
300 _a176 p.
500 _aKaynakça var.
_x
650 4 _aSosyoloji
650 4 _aSociology
650 0 _aSosyalizm
650 0 _aSocialism
650 7 _aPOLITICAL SCIENCE / Political Ideologies / Communism, Post-Communism & Socialism
_2bisacsh
700 1 _aEratalay, Etkin Bilen
856 4 0 _uhttp://search.ebscohost.com/login.aspx?direct=true&scope=site&db=e011xww&AN=1299417
999 _c14442
_d14442